Las Negociaciones del ALCA ante las disparidades hemisféricas /
Guardado en:
| Autor principal: | |
|---|---|
| Formato: | Texto |
| Materias: | |
| Etiquetas: |
Agregar Etiqueta
Sin Etiquetas, Sea el primero en etiquetar este registro!
|
MARC
| LEADER | 00000 a a2200000 04500 | ||
|---|---|---|---|
| 001 | 3560 | ||
| 003 | |||
| 040 | |a CRAI/IIS |c CRAI/IIS | ||
| 100 | |a Reza, Germán A. de la | ||
| 245 | |a Las Negociaciones del ALCA ante las disparidades hemisféricas / |c Germán A. de la Reza | ||
| 650 | |a ALCA | ||
| 650 | |a DESIGUALDAD ECONOMICA | ||
| 650 | |a ZONAS DE LIBRE COMERCIO | ||
| 650 | |a LIBRE COMERCIO | ||
| 650 | |a ARANCELES | ||
| 650 | |a DUMPING | ||
| 650 | |a EXPORTACIONES | ||
| 773 | |g volumen 53, número 8; páginas 766-778 | ||
| 999 | |c 19699 |d 19699 | ||
